000
00336cam a2200145ua 4500
041
_a
eng
_h
082
_a
821
_b
WIL/PO
100
_a
Wilde, Oscar .
245
_a
Poems and essays /
_c
Oscar Wilde.
_h
Textual Documents
260
_a
London :
_b
Collins ,
_c
1956.
300
_a
475 ; .
504
_a
942
_c
BK
999
_c
5083
_d
5083